| 000 | 01077nam0a22002531i 4500 | ||
|---|---|---|---|
| 001 | rc\2366272 | ||
| 005 | 20240726012136.0 | ||
| 035 | _a(NLR Aleph) 006597843 | ||
| 090 |
_a7215718 _c7215718 |
||
| 100 | _a20110829d1976 |||y0rusy50 ca | ||
| 101 | 0 | _arus | |
| 102 | _aRU | ||
| 105 | _ay d ||||| | ||
| 200 | 1 |
_aПрибавочный продукт колхозного производства, совершенствование его распределения и использования _e(На примере колхозов УзССР) _eАвтореф. дис. на соиск. учен. степени канд. экон. наук _e(08.00.01) _fТашк. ин-т нар. хоз-ва |
|
| 210 |
_aТашкент _d1976 |
||
| 215 | _a24 с. | ||
| 320 | _aСписок работ авт. в конце текста (11 назв.) | ||
| 700 | 1 |
_aАраббаев _bН. _gНеъматулла |
|
| 801 | 0 |
_aRU _bNLR _gpsbo |
|
| 801 | 1 |
_aRU _bELAR _2rusmarc |
|
| 852 |
_aNLR _j76-4/28658 |
||
| 899 |
_aRuMoRGB _jДр 341/1183 |
||
| 899 |
_aRuMoRGB _jДр 341/1184 |
||
| 942 | _cBOOK | ||